00663 2200277 4500001002100000005001500021035002000036008004100056245005100097100001600148250000600164260003200170300002900202020002200231084001400253082000800267650001400275990001200289990001200301990001200313990001200325990001200337990001200349990001200361990001200373INLIS00000000000002320240430025621 a0010-0324000023240430 0 ind 1 aSejarah Indonesia XI Semester 1 /cSardiman.AM aSardiman,AM a1 aJakarta :bKEMDIKBUD,c2017 a256 hlm ;c17 cm x 25 cm a978-602-427-124-4 a900 SAR s a900 4aNon Fiksi a0738576 a0738577 a0738578 a0738579 a0738580 a0738581 a0738582 a0738583